Europejski Złoty But 17/18 - piłka nożna - Statystyki

Ogólne statystyki
  • Ten quiz został rozwiązany 539 razy
  • Średni wynik to 8 z 10
Statystyki odpowiedzi
Bramki Narodowość Liga Piłkarz % Poprawnych
34 Argentyna ESP Lionel Messi
100%
32 Egipt ENG Mohamed Salah
99%
29 Polska GER Robert Lewandowski
97%
30 Anglia ENG Harry Kane
96%
26 Portugalia ESP Cristiano Ronaldo
89%
25 Urugwaj ESP Luis Suarez
86%
29 Włochy ITA Ciro Immobile
81%
23 Gabon ENG Pierre-Emerick Aubameyang
78%
28 Urugwaj FRA Edinson Cavani
77%
29 Argentyna ITA Mauro Icardi
29%
Nie znaleziono quizów pasujących do podanych kryteriów
Rozkład punktacji
Procent ludzi z każdym wynikiem
Percentyl według liczby udzielonych odpowiedzi
Twoja historia wyników
Nie rozwiązałeś tego quizu